• 首页
  • 本馆介绍
  • 公告通知
  • 最新文献
  • 馆藏检索
  • 电子资源
  • 读者导购
  • 参考咨询
  • 我的图书馆
  • 登录
  • 详细信息显示
  • 放入我的书架
  • 预约/预借图书
  • 作者相关作品
  • 分类相关作品
  • 丛书相关作品
  • 出版社相关作品

书目信息

  • 表格格式
  • 工作单格式
  • 卡片格式
题名:
消失的植物
    
 
作者: 柯珊 编著
分册:  
出版信息: 上海   上海社会科学院出版社  2005
页数: 287页
开本: 22cm
丛书名: 深度探索系列
单 册:
中图分类: Q914
科图分类:
主题词: 古植物学
电子资源:
ISBN: 7-80681-715-8
000 01459nam0 2200265 450
001 TS2006037933
005 20061206085747.92
010    @a7-80681-715-8@dCNY45.00
100    @a20060829d2005 ekmy0chiy0120 ea
101 0  @achi
102    @aCN@b310000
105    @aa z 000yy
200 1  @a消失的植物@AXiao Shi De Zhi Wu@dLost of plants@e走进历史旧页的植物兴亡传奇@EZou Jin Li Shi Jiu Ye De Zhi Wu Xing Wang Chuan Qi@f柯珊编著@FKe Shan Bian Zhu@zeng
210    @a上海@c上海社会科学院出版社@d2005
215    @a287页@c彩图@d22cm
225 2  @a深度探索系列
330    @a那些植物——消失的、趋于消失的、或正在繁荣的,在地球的怀抱里永感着造物主的温暖!地球上植物物种存在的时间相互差异极大,有的只是昙花一现,有的却能在地球上繁衍数亿年之久。它们曾经在地球绽放过极度的风光,却在岁月长河中被无情流逝了。现存的植物中可能有50%-90%已被人类发现。然而地球上的动植物正在以100~1000倍的速度灭绝!在本书中,我们在寻访那些只存在于化石中的古老植物的同时,还将介绍那些正在受到灭绝威胁的植物,它们中的一些很可能在不久的将来就会从地球上,或者至少是从野外消失。本书通过为那些消失的或即将消失的植物留下记录,展示了它们独特的美及其在大自然物种竞争中的独特生命历程……
410  0 @12001 @a深度探索系列
510 1  @aLost of plants@zeng
517 1  @a走进历史旧页的植物兴亡传奇@AZou Jin Li Shi Jiu Ye De Zhi Wu Xing Wang Chuan Qi
606 0  @a古植物学
690    @aQ914@v4
701  0 @a柯珊@AKe Shan@4编著
801  0 @aCN@b中图数据@c20061206
905    @a10447@dQ914@e20
    
    消失的植物=Lost of plants:走进历史旧页的植物兴亡传奇/柯珊编著.-上海:上海社会科学院出版社,2005
    287页:彩图;22cm.-(深度探索系列)
    
    
    ISBN 7-80681-715-8:CNY45.00
    那些植物——消失的、趋于消失的、或正在繁荣的,在地球的怀抱里永感着造物主的温暖!地球上植物物种存在的时间相互差异极大,有的只是昙花一现,有的却能在地球上繁衍数亿年之久。它们曾经在地球绽放过极度的风光,却在岁月长河中被无情流逝了。现存的植物中可能有50%-90%已被人类发现。然而地球上的动植物正在以100~1000倍的速度灭绝!在本书中,我们在寻访那些只存在于化石中的古老植物的同时,还将介绍那些正在受到灭绝威胁的植物,它们中的一些很可能在不久的将来就会从地球上,或者至少是从野外消失。本书通过为那些消失的或即将消失的植物留下记录,展示了它们独特的美及其在大自然物种竞争中的独特生命历程……
●
相关链接 在E读中查询图书 在五车中查询图书 在当当中查询图书 在豆瓣中查询图书


正题名:消失的植物     索取号:Q914/20         预约/预借

序号 登录号 条形码 馆藏地/架位号 状态 备注
1 0605913   206059138   第二样本阅览室/ [索取号:Q914/20] 在馆    
2 0605914   206059147   第三借阅区/ [索取号:Q914/20] 在馆    
3 0605915   206059156   第三借阅区/ [索取号:Q914/20] 在馆    
4 0605916   206059165   第三借阅区/ [索取号:Q914/20] 在馆    
5 0605917   206059174   第三借阅区/ [索取号:Q914/20] 在馆    
唐山师范学院图书馆 欢迎您!
大连网信软件有限公司© 版权所有